000 00444nam a2200193Ia 4500
005 20240823022427.0
008 240823s9999||||xx |||||||||||||| ||und||
020 _a0-07-059117-2
041 _aENGLISH
082 _A621.382 P6
100 _aAmitabha Bhattacharya
245 0 _aDigital Communication
250 _a1st
260 _c2006
_bTMH New D
500 _aYES
650 _aDigital
_bElectronics
942 _cBK
999 _c179141
_d179141